[Event "ECU-chT U20"]
[Site "Carpuela"]
[Date "2014.05.04"]
[Round "3.2"]
[White "Reinozo Trelles, Eduardo"]
[Black "Doylet Mendieta, Daniel David"]
[Result "1/2-1/2"]
[WhiteElo "1957"]
[BlackElo "1841"]
[PlyCount "78"]
[EventDate "2014.05.03"]
[EventType "team-swiss"]
[EventRounds "7"]
[EventCountry "ECU"]
[SourceTitle "CBM 160 Extra"]
[Source "ChessBase"]
[SourceDate "2014.07.01"]
[SourceVersion "1"]
[SourceVersionDate "2014.07.01"]
[SourceQuality "1"]
[WhiteTeam "Morona Santiago"]
[BlackTeam "Guayas"]
[WhiteTeamCountry "ECU"]
[BlackTeamCountry "ECU"]

1. e4 c5 2. Nf3 e6 3. d4 cxd4 4. Nxd4 Nf6 5. Nc3 Nc6 6. Be3 Qc7 7. Ndb5 Qb8 8. a4 Bb4 9. Bd3 a6 10. Nd4 d5 11. Nxc6 bxc6 12. exd5 cxd5 13. Bd2 e5 14. 0-0 0-0 15. f3 Re8 16. Kh1 e4 17. fxe4 dxe4 18. Rxf6 exd3 19. Rf4 Bd6 20. Rh4 Bf5 21. cxd3 Qxb2 22. Rb1 Qa3 23. Qf3 Bg6 24. Rc4 Rab8 25. Rc1 Qb2 26. Qd1 Qb7 27. Bf4 Rbd8 28. Rb1 Qd7 29. Rd4 Qc6 30. Bxd6 Rxd6 31. Rxd6 Qxd6 32. Ne4 Qd4 33. Qc2 h5 34. Re1 f5 35. Qc6 Kh7 36. Ng5+ Kh6 37. Nf7+ Kh7 38. Ng5+ Kh6 39. Nf7+ Kh7 1/2-1/2

[Event "Duran zt 2.3.5"]
[Site "Duran"]
[Date "2012.03.08"]
[Round "6"]
[White "Reinozo Trelles, Eduardo"]
[Black "Martinez Reyes, Pedro Ramon"]
[Result "0-1"]
[WhiteElo "1920"]
[BlackElo "2200"]
[PlyCount "68"]
[EventDate "2012.03.05"]
[EventType "swiss"]
[EventRounds "9"]
[EventCountry "ECU"]
[SourceTitle "EXT 2023"]
[Source "ChessBase"]
[SourceDate "2022.10.05"]
[SourceVersion "1"]
[SourceVersionDate "2022.10.05"]
[SourceQuality "1"]

1. e4 c5 2. Nf3 Nc6 3. d4 cxd4 4. Nxd4 g6 5. Nc3 Bg7 6. Be3 Nf6 7. Bc4 0-0 8. Bb3 a5 9. 0-0 d6 10. f3 Nxd4 11. Bxd4 Bd7 12. a4 Bc6 13. Ra3 Nd7 14. Bxg7 Kxg7 15. f4 Qb6+ 16. Kh1 Qc5 17. f5 Qe5 18. Re1 Nf6 19. Qe2 h5 20. Bc4 Ng4 21. g3 Qxf5 22. Bd5 Qe5 23. Rb3 Nf6 24. Bxc6 bxc6 25. Nd1 Rab8 26. Re3 Ng4 27. Rf3 Rb4 28. b3 h4 29. Rf4 Nf6 30. Nf2 hxg3 31. Nd3 Qg5 32. Nxb4 Qxf4 33. Nd3 Qh4 34. Kg1 Rh8 0-1

[Event "Duran zt 2.3.5"]
[Site "Duran"]
[Date "2012.03.07"]
[Round "4"]
[White "Reinozo Trelles, Eduardo"]
[Black "Meza Ponce, Jeison"]
[Result "1-0"]
[WhiteElo "1920"]
[BlackElo "2232"]
[PlyCount "65"]
[EventDate "2012.03.05"]
[EventType "swiss"]
[EventRounds "9"]
[EventCountry "ECU"]
[SourceTitle "EXT 2023"]
[Source "ChessBase"]
[SourceDate "2022.10.05"]
[SourceVersion "1"]
[SourceVersionDate "2022.10.05"]
[SourceQuality "1"]

1. e4 Nc6 2. d4 e5 3. d5 Nce7 4. Bg5 h6 5. Bh4 g5 6. Bg3 Ng6 7. Nf3 d6 8. c4 Bg7 9. h4 Nf6 10. Nc3 Nh5 11. Be2 Nxg3 12. fxg3 g4 13. Nd2 h5 14. 0-0 0-0 15. Bd3 Bh6 16. Qe1 Nxh4 17. gxh4 Bxd2 18. Qxd2 Qxh4 19. Ne2 Kg7 20. Qe1 Qg5 21. Ng3 Rh8 22. Nf5+ Bxf5 23. Rxf5 Qe7 24. Qe3 Rag8 25. Qg5+ Kf8 26. Qxe7+ Kxe7 27. Raf1 Rg7 28. b4 h4 29. c5 g3 30. cxd6+ cxd6 31. Rc1 Kd8 32. Bf1 Rh6 33. Rf3 1-0

[Event "Guayaquil zt 2.3.5"]
[Site "Guayaquil"]
[Date "2012.03.06"]
[Round "3"]
[White "Treu, Auke"]
[Black "Reinozo Trelles, Eduardo"]
[Result "0-1"]
[WhiteElo "2121"]
[BlackElo "1920"]
[PlyCount "70"]
[EventDate "2012.03.05"]
[EventType "swiss"]
[EventRounds "9"]
[EventCountry "ECU"]
[SourceTitle "EXT 2013"]
[Source "ChessBase"]
[SourceDate "2012.11.22"]
[SourceVersion "1"]
[SourceVersionDate "2012.11.22"]
[SourceQuality "1"]

1. d4 Nf6 2. Nf3 g6 3. g3 Bg7 4. Bg2 0-0 5. c4 d6 6. 0-0 Nbd7 7. Nc3 c5 8. d5 a6 9. a4 Re8 10. h3 Nf8 11. e4 b6 12. Re1 Ra7 13. Nh4 e6 14. f4 exd5 15. cxd5 Nh5 16. Kh2 f5 17. Nf3 fxe4 18. Nxe4 Rae7 19. Nc3 Rxe1 20. Nxe1 Bd4 21. Nc2 Bf2 22. Ne4 Rxe4 23. Bxe4 Bxg3+ 24. Kg1 Bxh3 25. Ra3 Qh4 26. Qf3 Bg4 27. Qg2 Bh3 28. Qf3 Bh2+ 29. Kh1 Bg4 30. Qg2 Bxf4+ 31. Kg1 Bxc1 32. Rb3 Nf4 33. Qh2 Qg5 34. Bg2 Ne2+ 35. Kf1 Qf5+ 0-1

[Event "Guayaquil Feda 176 op"]
[Site "Guayaquil"]
[Date "2012.01.21"]
[Round "3"]
[White "Reinozo Trelles, Eduardo"]
[Black "Montenegro Torres, Carlos"]
[Result "0-1"]
[WhiteElo "1878"]
[BlackElo "2179"]
[PlyCount "60"]
[EventDate "2012.01.20"]
[EventType "swiss"]
[EventRounds "7"]
[EventCountry "ECU"]
[SourceTitle "EXT 2014"]
[Source "ChessBase"]
[SourceDate "2013.11.20"]
[SourceVersion "1"]
[SourceVersionDate "2013.11.20"]
[SourceQuality "1"]

1. e4 d6 2. d4 g6 3. Nc3 Bg7 4. g3 Nf6 5. Bg2 0-0 6. Nge2 c6 7. 0-0 Nbd7 8. h3 a6 9. f4 Qc7 10. Be3 Rb8 11. f5 b5 12. a3 c5 13. Nf4 Bb7 14. fxg6 hxg6 15. d5 Ne5 16. Nd3 Nxd3 17. cxd3 Nd7 18. h4 Ne5 19. h5 Bc8 20. hxg6 fxg6 21. Rf4 Bd7 22. Rh4 Rf7 23. Bg5 Rbf8 24. Rf4 c4 25. dxc4 Qc5+ 26. Kh1 bxc4 27. Qe2 Nd3 28. Raf1 Nxf4 29. gxf4 Bxc3 30. bxc3 Rh7+ 0-1

[Event "Pan American-ch U20"]
[Site "Duran"]
[Date "2011.06.11"]
[Round "9"]
[White "Reinozo Trelles, Eduardo"]
[Black "Pacheco, Josue"]
[Result "1/2-1/2"]
[WhiteElo "1746"]
[BlackElo "1973"]
[PlyCount "96"]
[EventDate "2011.06.05"]
[EventType "swiss"]
[EventRounds "9"]
[EventCountry "ECU"]
[SourceTitle "EXT 2022"]
[Source "ChessBase"]
[SourceDate "2021.10.06"]
[SourceVersion "1"]
[SourceVersionDate "2021.10.06"]
[SourceQuality "1"]

1. e4 e6 2. d4 d5 3. Nd2 c5 4. Ngf3 Nc6 5. exd5 exd5 6. Bb5 Qe7+ 7. Qe2 Qxe2+ 8. Kxe2 cxd4 9. Nb3 Bd7 10. Nbxd4 Bd6 11. Be3 Nge7 12. Rad1 a6 13. Nxc6 bxc6 14. Ba4 Nf5 15. c4 dxc4 16. Nd4 Nxe3 17. fxe3 Rb8 18. Rd2 Bb4 19. Rc2 c5 20. Bxd7+ Kxd7 21. Nf3 f6 22. Rxc4 Ba5 23. b3 Bb4 24. Nd2 Rhe8 25. Ne4 Re5 26. Rd1+ Kc6 27. Rd6+ Kc7 28. Rxa6 Rbe8 29. a3 Kb7 30. Ra4 Rxe4 31. Rxe4 Rxe4 32. axb4 cxb4 33. Kd3 Rg4 34. g3 Kb6 35. e4 Kb5 36. Ra8 h5 37. Rb8+ Kc5 38. Rc8+ Kb5 39. Kd4 h4 40. Rb8+ Kc6 41. gxh4 Rxh4 42. Rg8 f5 43. Rxg7 Rxe4+ 44. Kd3 Kd5 45. Rg5 Rd4+ 46. Ke3 Re4+ 47. Kd3 Ke5 48. Rh5 Rd4+ 1/2-1/2

[Event "Pan American-ch U20"]
[Site "Duran"]
[Date "2011.06.05"]
[Round "1"]
[White "Reinozo Trelles, Eduardo"]
[Black "Cuellar, Diego"]
[Result "0-1"]
[WhiteElo "1746"]
[BlackElo "2124"]
[PlyCount "48"]
[EventDate "2011.06.05"]
[EventType "swiss"]
[EventRounds "9"]
[EventCountry "ECU"]
[SourceTitle "EXT 2022"]
[Source "ChessBase"]
[SourceDate "2021.10.06"]
[SourceVersion "1"]
[SourceVersionDate "2021.10.06"]
[SourceQuality "1"]

1. e4 c5 2. Nf3 Nc6 3. d4 cxd4 4. Nxd4 g6 5. Nc3 Bg7 6. Be3 Nf6 7. Bc4 0-0 8. Bb3 Qa5 9. 0-0 d6 10. h3 Bd7 11. f4 Qh5 12. Qd2 b5 13. e5 dxe5 14. fxe5 Nxe5 15. Ncxb5 Bxb5 16. Nxb5 Rad8 17. Qb4 Rb8 18. c4 a6 19. Bd1 Qh4 20. Bf4 Nd3 21. Qd2 Nxf4 22. Rxf4 Qg5 23. Rf2 Qxd2 24. Rxd2 axb5 0-1